00524nam a2200169 a 45000010010000000030011000100080041000210200018000620350026000801000027001062450078001332600051002113000015002625000017002776500030002948560030003240001-1174ELIB.Books150507 2010 eng  a9780310330868 a(ELIB.Books)0001-1329 aLongernecker, Bruce W. aThinking Through PaulbAn Introduction to His Life, Letters, and Theology aGrand RapidsbZondervan Publishing Housec2014 a408c24 Cm aC/o Moe Lwei aEpistle of Paul- Theology nKBTS: LibraryuKBTS: Elib